000 00667nam a22002177a 4500
003 UA-OsUOA
001 50773
007 ta
008 20071123b un ||||| |||| 00| 0 ukr d
100 _aДяченко О.В.
090 _a902
_bД-22
942 _cSA
040 _aUA-OsUOA
_bukr
_cUA-OsUOA
_dUA-OsUOA
245 _aПро один з аспектів типолого-статистичного аналізу трипільської пластики
300 _aС.31-37
955 _a0
041 _aukr
080 _a902
773 0 _w50772
_tАрхеологія
_dК.
_d2007
_g3
650 7 _a9 Географія. Біографії. Історія
_2UDC
999 _c336872
_d336872